00210nam a22000617a 4500100001800000245010100018260002900119 aSilva, Rohesh aSynthesis and characterization of Rho-Zmof and its viability towards an efficient drug delivery/ aColombo:bIchemc,c2016.